000
00277nam a2200121Ia 4500
008
190216s9999||||xx |||||||||||||| ||und||
100
_a
Ittiavirah
245
0
_a
General And Thermal Physics
260
_b
Arasmi Pub
_c
1992
300
_a
07/15
650
_a
Physics
942
_c
BK
999
_c
33240
_d
33240